000
00193nam a2200073Ia 4500
008
170524s9999 xx 000 0 und d
100
_a
JAWAHAR- P DAVID
245
0
_a
PERSPECTIVE ON H R AND IT MANAGEMENT
260
_b
EXCEL BOOKS
999
_c
8263
_d
8263